000 00313nam a22001337a 4500
008 181203b xxu||||| |||| 00| 0 eng d
020 _a9781554079919
041 _aeng
080 _a910
100 _a42
101 _aGJEO
245 _aFrozen planet a world beyond imagination
_cFothergill,A
942 _2udc
_cBK
999 _c52708
_d52708